<?xml version="1.0" encoding="UTF-8"?>
<record
    xmlns:xsi="http://www.w3.org/2001/XMLSchema-instance"
    xsi:schemaLocation="http://www.loc.gov/MARC21/slim http://www.loc.gov/standards/marcxml/schema/MARC21slim.xsd"
    xmlns="http://www.loc.gov/MARC21/slim">

  <leader>00393    a2200109   4500</leader>
  <controlfield tag="001">ART_39998</controlfield>
  <controlfield tag="005">20260410161841.0</controlfield>
  <controlfield tag="008">260409a                                 </controlfield>
  <datafield tag="245" ind1="1" ind2="0">
    <subfield code="a">El nuevo r&#xE9;gimen de contrataciones y la sustantividad del contrato administrativo</subfield>
  </datafield>
  <datafield tag="100" ind1="1" ind2=" ">
    <subfield code="a">Barra, Rodolfo Carlos</subfield>
  </datafield>
  <datafield tag="773" ind1="0" ind2=" ">
    <subfield code="t">RAP</subfield>
    <subfield code="g">R&#xE9;gimen de contrataciones y compre nacional - A&#xF1;o 24 (feb. 2002)</subfield>
    <subfield code="w">REV5941</subfield>
  </datafield>
  <datafield tag="999" ind1=" " ind2=" ">
    <subfield code="c">24118</subfield>
    <subfield code="d">24118</subfield>
  </datafield>
</record>
